000 00568nam a2200181 a 4500
001 BRCA_3718
005 20190320204410.0
008 110909s2008----mx-a---###---#000-0#spa-#
020 _a9685937311
041 _aspa
044 _amx
050 4 _aCD921
_b.A3 2008
245 1 0 _aADABI
_bApoyo al Desarrollo de Archivos y Bibliotecas de México : Memoria 2003-2008.
260 _aMéxico
_bADABI
_c2008
300 _a167 p.
_bil. a color
_c29 cm.
610 2 4 _aApoyo al Desarrollo de Archivos y Bibliotecas de México
_xHistoria
_zCiudad de México
_99681
942 _2lcc
_cB
999 _c3448
_d3448